LEADER 01366nam0 22003373i 450 001 CAG1406740 005 20170908093303.0 100 $a20091020d2007 ||||0itac50 ba 101 | $aita 102 $ait 181 1$6z01$ai $bxxxe 182 1$6z01$an 200 1 $aMario Botta$fAlessandra Coppa 210 $aMilano$cMotta Architettura$aRoma$cGruppo editoriale L'Espresso$d[2007] 215 $a119 p.$cill.$d27 cm 225 | $a˜La œbiblioteca di Repubblica-L'espresso 225 | $a˜L'œarchitettura$e˜i œprotagonisti$v9 300 $aDistribuito con le testate del Gruppo editoriale L'espresso. 410 0$1001UBO3352193$12001 $a˜La œbiblioteca di Repubblica-L'espresso 410 0$1001UFE0778902$12001 $a˜L'œarchitettura$e˜i œprotagonisti$v9 606 $aBotta, Mario$2FIR$3NAPC034436$9I 676 $a720.92$9ARCHITETTURA. Persone$v14 700 1$aCoppa$b, Alessandra$3BVEV037423$4070$0283141 801 3$aIT$bIT-NA0079$c20091020 850 $aIT-NA0079 912 $aCAG1406740 950 0$aBiblioteca Nazionale Vittorio Emanuele III$bv. 1-12$cv. 1-12$d BNS.MOD 720.92 ARC$e BNDON0012105025 N (0009 v. 9$fP $h20091016$i20091016 951 $aBiblioteca Nazionale Vittorio Emanuele III$b BN2009000120450DC2009-10-16 977 $a BN 996 $aMario Botta$9837471 997 $aUNISANNIO LEADER 00948nam0-2200325 --450 001 9910329851103321 005 20190723161425.0 010 $a978-88-6288-297-2 100 $a20190723d2015----kmuy0itay5050 ba 101 1 $aita$ceng 102 $aIT 105 $a 001yy 200 1 $aMen in arms$euna storia sociale della guerra$fRichard A. Preston, Sydney F. Wise 210 $aBologna$cOdoya$d2015 215 $a472 p.$cill.$d22 cm 225 1 $aOdoya library$v199 300 $aTraduzione di Libero Sosio 320 $aContiene bibl. (pp.441-463) 610 0 $aGuerra$aStoria 676 $a355.0209$v19$zita 700 1$aPreston,$bRichard A.$0453353 701 1$aWise,$bSidney F.$0766011 702 1$aSosio,$bLibero 801 0$aIT$bUNINA$gREICAT$2UNIMARC 901 $aBK 912 $a9910329851103321 952 $aCOLLEZ. 2544 (199)$b1079/2019$fFSPBC 959 $aFSPBC 996 $aMen in arms$91558000 997 $aUNINA